| 000 | 01573nam a2200121Ia 4500 | ||
|---|---|---|---|
| 008 | 220616s9999||||xx |||||||||||||| ||und|| | ||
| 100 | _aNegro Valdecantos, Vicente||Esteban, MarÃa Dolores||López-Gutiérrez, José-Santos | ||
| 245 | 0 | _aOffshore Wind Farms | |
| 546 | _aEnglish[eng] | ||
| 650 | _abending failure||wind energy||switching overvoltage||marine energy||floating offshore wind turbine (FOWT)||hydrogen storage||different loading directions||armour||vacuum circuit breaker||HVAC||CAES||electrical connection||reignition characteristics||combined static and dynamic loads||gravity-based structures||ocean energy||onshore-offshore wind power plant||ERA5||development||foundations||weight||jacket||monopile||monitoring||frequency response functions||renewable energies||HVDC||offshore wind farm||size||support structure||free vortex wake||P2X||operation and maintenance||horizontal vibration||scour phenomenon||load mitigation||model testing||support structures||GBF||safety factor||design response spectrum||nominal diameter||wave||aiRthermo||broken mooring line||tripod||tension leg platforms||mooring system||wind power density||physical models||wind resource||floating||design and construction||GBS||ocean thermal||air density||loads and response||coupled dynamic response||tidal||offshore wind energy||offshore wind turbine||optimal selection factors||Lebanon||trailing-edge flap||ice force||offshore wind||wind turbine generators||numerical models||crushing failure||marine currents | ||
| 856 | _uhttps://mdpi.com/books/pdfview/book/2246 | ||
| 942 | _cEB | ||
| 999 |
_c21224 _d21224 |
||